| 000 | 01089cam a2200133 4500500 | ||
|---|---|---|---|
| 005 | 20251214002644.0 | ||
| 041 | _afre | ||
| 042 | _adc | ||
| 100 | 1 | 0 |
_aAquien, Michèle _eauthor |
| 245 | 0 | 0 | _aLa versification appliquée aux textes |
| 260 |
_bArmand Colin,
_c2021. |
||
| 520 | _aL’analyse de la poésie, même contemporaine, ne saurait se passer d’une connaissance approfondie de la versification, discipline rigoureuse, délicate, et qui ouvre à une étude plus complète de ce tout signifiant qu’est le poème. Cet ouvrage présente une série d’exercices progressifs qui couvrent le champ dévolu à cette discipline, du vers aux formes fixes en passant par le rythme et la rime : les textes d’application sont variés, choisis dans des genres et des époques diversifiés, et chaque question est développée selon un plan clair et pédagogique. À travers l’ensemble, c’est toute la question du langage poétique qui est posée. | ||
| 856 | 4 | 1 | _uhttps://shs.cairn.info/la-versification-appliquee-aux-textes--9782200631024?lang=fr&redirect-ssocas=7080 |
| 999 |
_c1567305 _d1567305 |
||